<?xml version="1.0" encoding="UTF-8"?>
<record
    xmlns:xsi="http://www.w3.org/2001/XMLSchema-instance"
    xsi:schemaLocation="http://www.loc.gov/MARC21/slim http://www.loc.gov/standards/marcxml/schema/MARC21slim.xsd"
    xmlns="http://www.loc.gov/MARC21/slim">

  <leader>01828ngm a2200337   4500</leader>
  <controlfield tag="003">dpl</controlfield>
  <controlfield tag="005">20080723110517.0</controlfield>
  <controlfield tag="007">DVD</controlfield>
  <controlfield tag="008">||||||sp199   xxu|||||c|||| 00| 0 eng d</controlfield>
  <datafield tag="010" ind1=" " ind2=" ">
    <subfield code="a">DVD-000835-837</subfield>
  </datafield>
  <datafield tag="024" ind1=" " ind2=" ">
    <subfield code="a">A3956</subfield>
    <subfield code="c">499.00 </subfield>
  </datafield>
  <datafield tag="035" ind1=" " ind2=" ">
    <subfield code="a">DVD-000835-837</subfield>
  </datafield>
  <datafield tag="040" ind1=" " ind2=" ">
    <subfield code="a">DPL</subfield>
    <subfield code="c">DPL</subfield>
  </datafield>
  <datafield tag="082" ind1=" " ind2=" ">
    <subfield code="a">DVD / PRIN</subfield>
  </datafield>
  <datafield tag="245" ind1=" " ind2=" ">
    <subfield code="a">Princess Stories :</subfield>
    <subfield code="c">Walt Disney Home Entertainment</subfield>
    <subfield code="h">[videorecording] DVD/</subfield>
    <subfield code="b">Volume Two- Tales of Friendship</subfield>
  </datafield>
  <datafield tag="246" ind1=" " ind2=" ">
    <subfield code="a">.</subfield>
  </datafield>
  <datafield tag="260" ind1=" " ind2=" ">
    <subfield code="b">Walt Disney Home Entertainment</subfield>
  </datafield>
  <datafield tag="300" ind1=" " ind2=" ">
    <subfield code="a">1 videodisc DVD; (64 min.) :</subfield>
    <subfield code="b">sd., col. ;</subfield>
    <subfield code="c">4 3/4 in.</subfield>
    <subfield code="f">DVD</subfield>
  </datafield>
  <datafield tag="440" ind1=" " ind2=" ">
    <subfield code="a">Walt Disney Home Entertainment</subfield>
  </datafield>
  <datafield tag="500" ind1=" " ind2=" ">
    <subfield code="a">Sole Distributor in India M/s. Excel Productions Autio Visuals Pvt. Ltd.</subfield>
  </datafield>
  <datafield tag="500" ind1=" " ind2=" ">
    <subfield code="a">Bonus Features: Friendship Wreath Activity, Princess Academy Game, Music Video: Where Dreams Begin</subfield>
  </datafield>
  <datafield tag="500" ind1=" " ind2=" ">
    <subfield code="a">This DVD is Copy Protected</subfield>
  </datafield>
  <datafield tag="538" ind1=" " ind2=" ">
    <subfield code="a">Dolby Digital 2.0 -English, Thai, Mandarin, Cantonese,Spanish, Portuguese Subtitles: English, Chinese, Bahasa, thai, Spanish, Portuguese</subfield>
  </datafield>
  <datafield tag="538" ind1=" " ind2=" ">
    <subfield code="a">Aspect Ratio: 1.33:1, Presentation type: Full Frame, Presentation Size 4x3,  Format DVD 9 Dual Layer Single Sided Disc.</subfield>
  </datafield>
  <datafield tag="650" ind1=" " ind2=" ">
    <subfield code="a">Animated Movie</subfield>
  </datafield>
  <datafield tag="942" ind1=" " ind2=" ">
    <subfield code="c">CF</subfield>
    <subfield code="2">ddc</subfield>
    <subfield code="h">DVD</subfield>
    <subfield code="m">PRIN</subfield>
  </datafield>
  <datafield tag="999" ind1=" " ind2=" ">
    <subfield code="c">16384</subfield>
    <subfield code="d">16384</subfield>
  </datafield>
  <datafield tag="952" ind1=" " ind2=" ">
    <subfield code="0">0</subfield>
    <subfield code="1">0</subfield>
    <subfield code="2">ddc</subfield>
    <subfield code="4">0</subfield>
    <subfield code="7">0</subfield>
    <subfield code="a">L</subfield>
    <subfield code="b">L</subfield>
    <subfield code="d">2008-10-08</subfield>
    <subfield code="e">Purchase</subfield>
    <subfield code="g">499.00</subfield>
    <subfield code="l">9</subfield>
    <subfield code="m">2</subfield>
    <subfield code="o">DVD PRIN</subfield>
    <subfield code="p">DVD-000835</subfield>
    <subfield code="r">2012-06-06 00:00:00</subfield>
    <subfield code="s">2012-05-29</subfield>
    <subfield code="t">1</subfield>
    <subfield code="v">499.00</subfield>
    <subfield code="w">2008-10-08</subfield>
    <subfield code="y">CF</subfield>
  </datafield>
  <datafield tag="952" ind1=" " ind2=" ">
    <subfield code="0">0</subfield>
    <subfield code="1">0</subfield>
    <subfield code="2">ddc</subfield>
    <subfield code="4">0</subfield>
    <subfield code="7">0</subfield>
    <subfield code="a">ZLS</subfield>
    <subfield code="b">ZLS</subfield>
    <subfield code="d">2008-10-08</subfield>
    <subfield code="e">Purchase</subfield>
    <subfield code="g">499.00</subfield>
    <subfield code="l">34</subfield>
    <subfield code="o">DVD PRIN</subfield>
    <subfield code="p">DVD-000836</subfield>
    <subfield code="r">2016-09-19 00:00:00</subfield>
    <subfield code="s">2016-09-03</subfield>
    <subfield code="t">1</subfield>
    <subfield code="v">499.00</subfield>
    <subfield code="w">2008-10-08</subfield>
    <subfield code="y">CF</subfield>
  </datafield>
  <datafield tag="952" ind1=" " ind2=" ">
    <subfield code="0">0</subfield>
    <subfield code="1">0</subfield>
    <subfield code="2">ddc</subfield>
    <subfield code="4">0</subfield>
    <subfield code="7">0</subfield>
    <subfield code="a">BL1</subfield>
    <subfield code="b">BL1</subfield>
    <subfield code="d">2008-10-08</subfield>
    <subfield code="e">Purchase</subfield>
    <subfield code="g">499.00</subfield>
    <subfield code="l">15</subfield>
    <subfield code="o">DVD PRIN</subfield>
    <subfield code="p">DVD-000837</subfield>
    <subfield code="r">2013-02-09 00:00:00</subfield>
    <subfield code="s">2013-02-04</subfield>
    <subfield code="t">1</subfield>
    <subfield code="v">499.00</subfield>
    <subfield code="w">2008-10-08</subfield>
    <subfield code="y">CF</subfield>
  </datafield>
</record>
